000 00609nam a2200229Ia 4500
003 OSt
005 20220928103051.0
006 a|||||r|||| 00| 0
007 ta
008 220927b |||||||| |||| 00| 0 eng d
024 _a53222
037 _cTextual
040 _aSDCL
_cSDCL
_beng
041 _2eng
_aeng
082 _aP152,3, P7
100 _aTarun Harivansh
_9402026
245 0 _aPramanik hindi shabd -Rachna evam vartani prakash.
260 _aDelhi
_bGranthlok
_c2007
300 _a196p
_ccm.
942 _hP152,3, P7
_cTEXL
_2CC
999 _c717866
_d717866